000 00371nam a2200145Ia 4500
008 231129s2001||||xx |||||||||||||| ||spa||
020 _a958-9249-33-2
040 _bspa
082 _aCo861.44 R741m
100 _aRojas Calderon Luis Miguel
245 0 _aMalicia poetica
260 _c2001
264 _aPapiro
942 _2ddc
_cBKS
999 _c20251
_d20251